Immune cells - Statistics

General Stats
  • This quiz has been taken 175 times
  • The average score is 41 of 72
Answer Stats
Question Tile Select % Correct
that are lymphocytes Dendritic cell No
83%
that are lymphocytes Mast cell No
83%
that release lethal chemicals from granules to kill pathogens Memory cells No
80%
that release lethal chemicals from granules to kill pathogens Dendritic cell No
77%
that are lymphocytes Helper T cell Yes
76%
that are lymphocytes Eosinophil No
75%
that release lethal chemicals from granules to kill pathogens Plasma B cell No
75%
that release lethal chemicals from granules to kill pathogens Helper T cell No
73%
that are lymphocytes Macrophage No
72%
that release lethal chemicals from granules to kill pathogens Monocytes No
72%
that are lymphocytes Basophils No
70%
that are lymphocytes Cytotoxic T cell Yes
70%
involved in the innate immune response Cytotoxic T cell No
68%
that release lethal chemicals from granules to kill pathogens Macrophage No
68%
involved in the innate immune response Memory cells No
68%
involved in the innate immune response Plasma B cell No
68%
involved in the innate immune response Macrophage Yes
67%
that are lymphocytes Monocytes No
67%
that do NOT directly kill pathogens Natural Killer cell No
66%
that are lymphocytes Neutrophil No
66%
that are lymphocytes Plasma B cell Yes
66%
that can be involved in the adaptive humoral response pathway Basophils No
65%
that can be involved in the adaptive humoral response pathway Eosinophil No
65%
that do NOT directly kill pathogens Macrophage No
65%
that do NOT directly kill pathogens Cytotoxic T cell No
64%
that can be involved in the adaptive humoral response pathway Neutrophil No
64%
involved in the innate immune response Helper T cell No
63%
that can be involved in the adaptive humoral response pathway Mast cell No
63%
that can be involved in the adaptive humoral response pathway Monocytes No
63%
that do NOT directly kill pathogens Neutrophil No
63%
that are white blood cells Eosinophil Yes
59%
that are white blood cells Monocytes Yes
59%
that can be involved in the adaptive humoral response pathway Natural Killer cell No
59%
that can be involved in the adaptive humoral response pathway Plasma B cell Yes
59%
that are white blood cells Basophils Yes
57%
involved in the innate immune response Neutrophil Yes
57%
that are white blood cells Neutrophil Yes
57%
that can be involved in the adaptive humoral response pathway Memory cells Yes
56%
that do NOT directly kill pathogens Basophils No
55%
that can be involved in the adaptive humoral response pathway Helper T cell Yes
55%
that release lethal chemicals from granules to kill pathogens Natural Killer cell Yes
55%
that release lethal chemicals from granules to kill pathogens Mast cell No
54%
involved in the innate immune response Monocytes Yes
54%
that are white blood cells Helper T cell Yes
53%
that release lethal chemicals from granules to kill pathogens Cytotoxic T cell Yes
51%
that are white blood cells Cytotoxic T cell Yes
51%
that do NOT directly kill pathogens Eosinophil No
51%
that do NOT directly kill pathogens Helper T cell Yes
51%
that are white blood cells Macrophage Yes
51%
that do NOT directly kill pathogens Memory cells Yes
51%
that are lymphocytes Memory cells Yes
49%
that are white blood cells Plasma B cell Yes
49%
that are lymphocytes Natural Killer cell No
48%
involved in the innate immune response Basophils Yes
47%
that are white blood cells Natural Killer cell Yes
47%
involved in the innate immune response Eosinophil Yes
45%
that do NOT directly kill pathogens Monocytes No
45%
that release lethal chemicals from granules to kill pathogens Neutrophil Yes
45%
that release lethal chemicals from granules to kill pathogens Eosinophil Yes
44%
involved in the innate immune response Mast cell Yes
43%
involved in the innate immune response Natural Killer cell Yes
42%
that release lethal chemicals from granules to kill pathogens Basophils Yes
41%
that are white blood cells Memory cells Yes
41%
that can be involved in the adaptive humoral response pathway Cytotoxic T cell No
38%
involved in the innate immune response Dendritic cell Yes
38%
that are white blood cells Mast cell Yes
36%
that can be involved in the adaptive humoral response pathway Dendritic cell Yes
34%
that do NOT directly kill pathogens Mast cell Yes
34%
that are white blood cells Dendritic cell Yes
33%
that do NOT directly kill pathogens Dendritic cell No
32%
that do NOT directly kill pathogens Plasma B cell No
30%
that can be involved in the adaptive humoral response pathway Macrophage Yes
18%
No matching quizzes found
Score Distribution
Percent of People with Each Score
Percentile by Number Answered
Your Score History
You have not taken this quiz